Регионална библиотека "Любен Каравелов" - Русе

Моята история (Запис номер 346235)

MARC детайли
000 -Лидер
Контролно поле с фиксирана дължина 01084nam a2200301 c 4500
003 - Код на организацията, давaща контролен номер
Контролно поле BLK
005 - Дата и час на последна редакция
Контролно поле 20250108123102.0
008 - Елементи от данни с фиксирана дължина
fixed length control field 180410b bul|||||r ||||||| ||bul||
010 ## - Наследен системен номер
LC control number KNG00150553000
020 ## - Международен стандартен номер на книга ISBN
Международен стандартен номер на книга ISBN 978-619-151-501-1
040 ## - Източник на каталожния запис
Идентификатор на билиотеката - собственик на записа BLK
041 ## - Код за език
Код за езика на текст/звукозапис или на отделно заглавие Български
Код за езика КДБФ Български
072 #7 - Код за тематичната категория
Код организация bullib
Код за тематична категория Н85
Текст Детска художествена литература Н
080 ## - УДК
Текстов определител УДК Американска литература (на САЩ)
УДК код - определител по УДК 821.111(73)
УДК - код + определител 821.111(73)-9
100 ## - Редна дума - Автор
Автор Обама, Мишел
Авторска отговорност първи автор
R(LIN) 400814
139 ## - Редно поле
Редна дума Обама, Мишел
Авторски знак О - О 11
245 10 - Сведения за заглавието
Заглавие Моята история
Редно поле (дума) Мишел Обама; ил. Милър Мобли; прев. от англ. Марин Загорчев
257 ## - Страна на издаване
Страна на създаване/издаване Съединени американски щати
260 ## - Област на издателските данни
Име на издателя, разпространителя и проч. СофтПрес
Година на издаване 2019
9 (RLIN) 209582
Място на издаване, разпространение и проч. София
300 ## - Физическа характеристика
Страници 390 с.
Размери/Мащаб 25 см
380 ## - Жанр
Жанр Худож. лит.
500 ## - Общи забележки
Забележка Ориг. загл.: Becoming / Michelle Obama.
852 ## - Местоположение
Фондова буква Заемна - подръчен фонд
Систематично-азбучна сигнатура П 820(73)-9/О 11
856 4# - Електронен адрес и достъп
Електронен формат pdf - файл
856 4# - Електронен адрес и достъп
Електронен формат pdf - файл
999 ## - СИСТЕМНИ КОНТРОЛНИ НОМЕРА
Koha biblionumber 346235
Koha biblioitemnumber 346235
942 ## - АРТИКУЛИ
Вид на библиотечния материал Книги
Скрит в OPAC Не
Периодичен библиозапис Да
Koha issues (borrowed), all copies 46
944 ## - СЪЗДАВАНЕ И РЕДАКЦИЯ на ЗАПИСА
Служител, извършил регистрацията/редакцията 30530
Статус, дата на статуса Минев Младен
Наличности
Код за отписване Код за изгубен артикул Източник на класификационната схема Код за повреда Код за отдаване Артикулен № Име на библиотеката - собственик Име на библиотеката, в която се намира в момента Статус (Текущо местоположение) Дата на вписване в системата Местоположение - отдел Цена в лева Систематично азбучна сигнатура Баркод Цена в евро Служебен тип на артикула Коз за рестрикции
  Не е изгубен Universal Decimal Classification Не е повреден заемане за дома 748658 Регионална библиотека "Любен Каравелов" Русе Регионална библиотека "Любен Каравелов" Русе Заемна - подръчен фонд 2019-11-04 Заемна - подръчен фонд 22.46 П 820(73)-9/О 11 120000837269 11.48 Книги  
  Не е изгубен Universal Decimal Classification Не е повреден заемане за дома 754068 Регионална библиотека "Любен Каравелов" Русе Регионална библиотека "Любен Каравелов" Русе Заемна - подръчен фонд 2020-01-14 Заемна - подръчен фонд 14.99 П 820(73)-9/О 11 120000840878 7.66 Книги без рестрикции
  Не е изгубен Universal Decimal Classification Не е повреден ползва се в читалня 813543 Регионална библиотека "Любен Каравелов" Русе Регионална библиотека "Любен Каравелов" Русе Хранилище 2021-02-26 Хранилище 29.95 Цб 305980 120000851087 15.31 Книги само за читалня
Vip Innovations Ltd, Rousse, Bulgaria 2025